000 00355nam a2200133Ia 4500
005 20251222144659.0
008 251222s9999||||xx |||||||||||||| ||spa||
020 _a84-7908-333-6
082 _a791.434.6/R63
100 _aRíos Carratalé, Juan Antonio
245 0 _aLos Sainetesco en el Cine Español
264 _bUniversidad de Alicante
942 _cLIB
999 _c17375
_d17375